LEADER 01028nam1 22002891i 450 001 RML0245109 005 20231121125708.0 100 $a20121121f ||||0itac50 ba 101 | $agrc 102 $ade 181 1$6z01$ai $bxxxe 182 1$6z01$an 200 1 $aClaudii Ptolomaei Opera quae exstant omnia 210 $aLipsiae $cin aedibus B. G. Teubneri 215 $av.$d20 cm 225 | $aBibliotheca scriptorum Graecorum et Romanorum Teubneriana 410 0$1001CFI0069176$12001 $aBibliotheca scriptorum Graecorum et Romanorum Teubneriana 463 1$1001RML0245110$12001 $a˜3.2.: œPeri kriteriou kai hegemonikou$eDe iudicandi facultate et animi principatu$aed. Fr. Lammert 517 1 $aOpera quae exstant omnia$9RML0335705 606 $aClaudio Tolomeo$2FIR$3RMLC378428$9I 700 1$aPtolomaeus$b, Claudius$3RMLV158565$0743721 801 3$aIT$bIT-01$c20121121 912 $aRML0245109 967 $m1 977 $a 52 996 $aClaudii Ptolomaei Opera quae exstant omnia$93621335 997 $aUNICAS LEADER 01623nas 2200589-a 450 001 996202209703316 005 20230518213020.0 011 $a1432-0991 035 $a(DE-599)ZDB1458987-4 035 $a(OCoLC)41223110 035 $a(CKB)954925520645 035 $a(CONSER)--2004233643 035 $a(EXLCZ)99954925520645 100 $a19990421a19789999 s-- - 101 0 $aeng 135 $aurmnu|||||||| 181 $ctxt$2rdacontent 182 $cc$2rdamedia 183 $acr$2rdacarrier 200 10$aCurrent microbiology 210 $aNew York $cSpringer-Verlag$d1978- 215 $a1 online resource 300 $aRefereed/Peer-reviewed 311 $a0343-8651 531 $aCURR MICROBIOL 531 $aCURR MICROB 531 $aCURRENT MICROBIOLOGY AN INTERNATIONAL JOURNAL 531 $aCURR. MICROBIOL 606 $aMicrobiology$vPeriodicals 606 $aMicrobiology 606 $aMicrobiologie$vPériodiques 606 $aMicrobiology$2fast$3(OCoLC)fst01019576 606 $aMikrobiologie$2gnd 606 $aZeitschrift$2gnd 606 $aOnline-Ressource$2gnd 606 $aMicrobiologie$2gtt 608 $aPeriodicals.$2fast 608 $aZeitschrift$2swd 608 $aOnline-Publikation$2swd 615 0$aMicrobiology 615 2$aMicrobiology. 615 6$aMicrobiologie 615 7$aMicrobiology. 615 7$aMikrobiologie 615 7$aZeitschrift 615 7$aOnline-Ressource 615 17$aMicrobiologie. 676 $a576.05 906 $aJOURNAL 912 $a996202209703316 996 $aCurrent microbiology$9797541 997 $aUNISA LEADER 03457nam 2200577Ia 450 001 9910953387403321 005 20200520144314.0 010 $a9786612482274 010 $a9781282482272 010 $a1282482270 010 $a9780470743782 010 $a0470743786 035 $a(CKB)2520000000006783 035 $a(EBL)485651 035 $a(OCoLC)606612753 035 $a(MiAaPQ)EBC485651 035 $a(Perlego)2753312 035 $a(EXLCZ)992520000000006783 100 $a20090825d2010 uy 0 101 0 $aeng 135 $aur|n|---||||| 181 $ctxt$2rdacontent 182 $cc$2rdamedia 183 $acr$2rdacarrier 200 10$aBody dysmorphic disorder $ea treatment manual /$fDavid Veale and Fugen Neziroglu 205 $a1st ed. 210 $aChichester, West Sussex, UK ;$aMalden, MA $cWiley-Blackwell$d2010 215 $a1 online resource (490 p.) 300 $aDescription based upon print version of record. 311 08$a9780470851210 311 08$a047085121X 320 $aIncludes bibliographical references and index. 327 $aBody Dysmorphic Disorder A Treatment Manual; Contents; About the authors; Preface; Acknowledgements; Part A: Knowledge and Theory of Body Dysmorphic Disorder; Chapter 1: The diagnosis of body dysmorphic disorder; Chapter 2: History of body dysmorphic disorder; Chapter 3: Epidemiology and presentation of BDD; Chapter 4: Descriptive psychopathology of BDD; Chapter 5: Psychogenic excoriation; Chapter 6: Psychological aspects of cosmetic procedures; Chapter 7: Risk factors in the development of BDD; Chapter 8: Neurobiological aspects of BDD; Chapter 9: Learning theory models of BDD 327 $aChapter 10: A cognitive behavioral model of BDDChapter 11: Evidence for cognitive behavior therapy in BDD; Chapter 12: Evidence for pharmacotherapy in BDD; Part B: Assessment and Therapy; Chapter 13: Assessment; Chapter 14: Engagement and formulation; Chapter 15: Advice on cosmetic procedures; Chapter 16: Imagery rescripting; Chapter 17: Modifying attentional biases; Chapter 18: Modifying cognitive processes in BDD; Chapter 19: Avoidance, compulsive, and safety-seeking behaviors; Chapter 20: Modifying appraisals; Chapter 21: Habit reversal for psychogenic excoriation 327 $aChapter 22: Behavioral activation for depression in BDDChapter 23: Pharmacotherapy; Appendix 1: Diagnostic interviews and assessment scales; Appendix 2: Leaflets and forms used during therapy; Appendix 3: Resources for BDD; References; Index 330 $aThis book is a unique treatment manual which looks at the assessment of BDD, offering an treatment model in the form of CBT and pharmacotherapySummarises the current knowledge and theoretical perspectives about BDDCovers the practical aspects of assessment, engagement, and therapyUses a number of practical resources, including client handouts 606 $aBody dysmorphic disorder$xTreatment$vHandbooks, manuals, etc 606 $aBody image disturbance$xTreatment$vHandbooks, manuals, etc 615 0$aBody dysmorphic disorder$xTreatment 615 0$aBody image disturbance$xTreatment 676 $a616.85/2 676 $a616.852 700 $aVeale$b David$01612239 701 $aNeziroglu$b Fugen A.$f1951-$01806664 801 0$bMiAaPQ 801 1$bMiAaPQ 801 2$bMiAaPQ 906 $aBOOK 912 $a9910953387403321 996 $aBody dysmorphic disorder$94355966 997 $aUNINA LEADER 05926nam 22005295 450 001 996630861703316 005 20250626164013.0 010 $a9789819605798 010 $a9819605792 024 7 $a10.1007/978-981-96-0579-8 035 $a(CKB)36702075000041 035 $a(MiAaPQ)EBC31806936 035 $a(Au-PeEL)EBL31806936 035 $a(DE-He213)978-981-96-0579-8 035 $a(OCoLC)1477220810 035 $a(EXLCZ)9936702075000041 100 $a20241129d2025 u| 0 101 0 $aeng 135 $aur||||||||||| 181 $ctxt$2rdacontent 182 $cc$2rdamedia 183 $acr$2rdacarrier 200 10$aWeb Information Systems Engineering ? WISE 2024 $e25th International Conference, Doha, Qatar, December 2?5, 2024, Proceedings, Part I /$fedited by Mahmoud Barhamgi, Hua Wang, Xin Wang 205 $a1st ed. 2025. 210 1$aSingapore :$cSpringer Nature Singapore :$cImprint: Springer,$d2025. 215 $a1 online resource (492 pages) 225 1 $aLecture Notes in Computer Science,$x1611-3349 ;$v15436 311 08$a9789819605781 311 08$a9819605784 327 $a -- Information Retrieval and Text Processing. -- Learning Contrastive Representations for Dense Passage Retrieval in Open-domain Conversational Question Answering. -- Wikipedia Empowered Natural Language Interface for Web Search. -- Mathematical Formulas-Based Scientific Literature Retrieval with Heterogeneous Network Semantic Enhancement. -- MarkedDPR: Enhancing Dense Passage Retrieval with Exact Match Signals and Synthetic Data Augmentation. -- Text and Sentiment Analysis. -- Explaining a Deep Learning Model for Aspect-Based Sentiment Analysis Using SHAP. -- Knowledge Injection from a Domain Sentiment Ontology in an Attention Neural Network for Aspect-Based Sentiment Classification. -- Multilingual, Cross-lingual, and Unilingual Models for ABSC. -- From Data to Insights: Constructing and Evaluating a Hospitality Dataset for Quadruple Aspect-Based Sentiment Analysis. -- A Cross-Lingual Meta-Learning Method Based on Domain Adaptation for Speech Emotion Recognition. -- Data Analysis and Optimisation. -- Representation with Minimized Max-error in Optimal Piecewise Linear Approximation of Time Series Data. -- A Big Data Drilling Method for Value Assessment of Leakage Data. -- An Effective Tag Assignment Approach for Billboard Advertisement. -- Early Discovery of Key Innovative Publications by Analyzing Emerging Topic Trends. -- Two-Stage Trained Stacking Model for Univariate Time Series Forecasting. -- ITRA: Incremental Task Replanning Algorithm for multi-UAV Based on Centralized-Distributed Negotiation. -- Query Processing and Information Extraction. -- RePair My Queries: Personalized Query Reformulation via Conditional Transformers. -- DORA: A Reliability-Associated Query Optimization Framework for Plan Selection. -- REXIO: Indexing for Low Write Amplification by Reducing Extra I/Os in Key-Value Store under Mixed Read/Write Workloads. -- Enhancing Multi-Hop Complex Question Answering with LLM-based Pseudo-Document Generation and Adaptive Retrieval. -- Enhancing RAG?s Retrieval via Query Backtranslations. -- Hierarchical Indexing for Interactive Zooming of Document Clusters. -- Distributed k-hop Query Powered by an Asynchronous Framework. -- Contract Clause Extraction Using Question- Answering Task. -- Knowledge and Data Management. -- Data- and Activity-centric Business Process Modeling: An Approach based on Business Units. -- Periphoscape: Enhance Wikipedia Browsing by Presenting Diverse Aspects of Topics. -- TERM: Tree Ensemble Models for Interpretable Rule Mining. -- A high utility co-location pattern mining algorithm using multiple utility thresholds. -- Talking Buildings: Interactive Human-Building Smart-Bot for Smart Buildings. -- Concepts and Relations Features Are All You Need for Embedding-based Ontology Matching. -- An Ontological Approach for Anomaly Detection in Supply Chain-based Business Processes. -- Incorporating Taxonomic Reasoning and Regulatory Knowledge into Automated Privacy Question Answering. -- AutoTable: Effective and Efficient Automated Feature Transformation for Tabular Data. 330 $aThis five-volume set LNCS 15436 -15440 constitutes the proceedings of the 25th International Conference on Web Information Systems Engineering, WISE 2024, held in Doha, Qatar, in December 2024. The 110 full papers and 55 short papers were presented in these proceedings were carefully reviewed and selected from 368 submissions. The papers have been organized in the following topical sections as follows: Part I : Information Retrieval and Text Processing; Text and Sentiment Analysis; Data Analysis and Optimisation; Query Processing and Information Extraction; Knowledge and Data Management. Part II: Social Media and News Analysis; Graph Machine Learning on Web and Social; Trustworthy Machine Learning; and Graph Data Management. Part III: Recommendation Systems; Web Systems and Architectures; and Humans and Web Security. Part IV: Learning and Optimization; Large Language Models and their Applications; and AI Applications. Part V: Security, Privacy and Trust; Online Safety and Wellbeing through AI; and Web Technologies.a . 410 0$aLecture Notes in Computer Science,$x1611-3349 ;$v15436 606 $aInformation technology$xManagement 606 $aComputer Application in Administrative Data Processing 615 0$aInformation technology$xManagement. 615 14$aComputer Application in Administrative Data Processing. 676 $a005.3 700 $aBarhamgi$b Mahmoud$01782618 701 $aWang$b Hua$0851626 701 $aWang$b Xin$0847441 801 0$bMiAaPQ 801 1$bMiAaPQ 801 2$bMiAaPQ 906 $aBOOK 912 $a996630861703316 996 $aWeb Information Systems Engineering ? WISE 2024$94309023 997 $aUNISA